Gentilé des départements de PACA - Statistiques

Statistiques générales
  • Ce quiz a été pris 19 fois
  • Le résultat moyen est 2 sur 6
Statistiques - réponses
Hint Réponse % Correct
Var Varois
100%
Vaucluse Vauclusiens
60%
Hautes-Alpes Haut-Alpins
20%
Bouches-du-Rhône Bucco-Rhodaniens
13%
Alpes-de-Haute-Provence Bas-Alpins
7%
Alpes-Maritimes Maralpins
7%
Aucun quiz correspondant
Distribution des résultats
% des personnes avec chaque résultat
Percentile par nombre de réponses
Votre historique - résultats
Vous n’avez pas pris ce quiz